00330nam a2200109Ia 4500008004100000041000800041082001200049100002700061245008200088260003200170300001800202240719s9999 xx 000 0 und d aeng a828 MUK aMukhopadhyay, Nilanjan aThe Demolition And The Verdict: Ayodhya And The Project To Reconfigure India  aDelhibSpeaking Tigerc2021 a317 P.; 22 Cm